<?xml version="1.0" encoding="UTF-8"?>
<collection xmlns="http://www.loc.gov/MARC21/slim">
 <record>
  <leader>06218cam a2200769  a4500</leader>
  <controlfield tag="001">1351669745</controlfield>
  <controlfield tag="003">DE-627</controlfield>
  <controlfield tag="005">20230105165506.0</controlfield>
  <controlfield tag="007">tu</controlfield>
  <controlfield tag="008">080612m20112011gw ||||| d    00| ||ger c</controlfield>
  <datafield tag="015" ind1=" " ind2=" ">
   <subfield code="a">08,N17,0778</subfield>
   <subfield code="2">dnb</subfield>
  </datafield>
  <datafield tag="016" ind1="7" ind2=" ">
   <subfield code="a">988140446</subfield>
   <subfield code="2">DE-101</subfield>
  </datafield>
  <datafield tag="020" ind1=" " ind2=" ">
   <subfield code="a">9783406577659</subfield>
   <subfield code="c">Gb. : EUR 98.00</subfield>
   <subfield code="9">978-3-406-57765-9</subfield>
  </datafield>
  <datafield tag="020" ind1=" " ind2=" ">
   <subfield code="a">3406577652</subfield>
   <subfield code="c">Gb. : EUR 98.00</subfield>
   <subfield code="9">3-406-57765-2</subfield>
  </datafield>
  <datafield tag="024" ind1="3" ind2=" ">
   <subfield code="a">9783406577659</subfield>
  </datafield>
  <datafield tag="035" ind1=" " ind2=" ">
   <subfield code="a">(DE-627)1351669745</subfield>
  </datafield>
  <datafield tag="035" ind1=" " ind2=" ">
   <subfield code="a">(DE-576)281669740</subfield>
  </datafield>
  <datafield tag="035" ind1=" " ind2=" ">
   <subfield code="a">(DE-599)DNB988140446</subfield>
  </datafield>
  <datafield tag="035" ind1=" " ind2=" ">
   <subfield code="a">(OCoLC)740693697</subfield>
  </datafield>
  <datafield tag="040" ind1=" " ind2=" ">
   <subfield code="a">DE-627</subfield>
   <subfield code="b">ger</subfield>
   <subfield code="c">DE-627</subfield>
   <subfield code="e">rakwb</subfield>
  </datafield>
  <datafield tag="041" ind1=" " ind2=" ">
   <subfield code="a">ger</subfield>
  </datafield>
  <datafield tag="044" ind1=" " ind2=" ">
   <subfield code="c">XA-DE-BY</subfield>
  </datafield>
  <datafield tag="082" ind1="0" ind2=" ">
   <subfield code="a">700</subfield>
  </datafield>
  <datafield tag="082" ind1="0" ind2="4">
   <subfield code="a">700</subfield>
  </datafield>
  <datafield tag="084" ind1=" " ind2=" ">
   <subfield code="a">9,10</subfield>
   <subfield code="2">ssgn</subfield>
  </datafield>
  <datafield tag="084" ind1=" " ind2=" ">
   <subfield code="a">NC 2150</subfield>
   <subfield code="2">rvk</subfield>
   <subfield code="0">(DE-625)rvk/124582:</subfield>
  </datafield>
  <datafield tag="084" ind1=" " ind2=" ">
   <subfield code="a">NK 6700</subfield>
   <subfield code="2">rvk</subfield>
   <subfield code="0">(DE-625)rvk/126104:</subfield>
  </datafield>
  <datafield tag="084" ind1=" " ind2=" ">
   <subfield code="a">LH 13490</subfield>
   <subfield code="2">rvk</subfield>
   <subfield code="0">(DE-625)rvk/92434:</subfield>
  </datafield>
  <datafield tag="084" ind1=" " ind2=" ">
   <subfield code="a">AP 14150</subfield>
   <subfield code="2">rvk</subfield>
   <subfield code="0">(DE-625)rvk/6897:</subfield>
  </datafield>
  <datafield tag="090" ind1=" " ind2=" ">
   <subfield code="a">a</subfield>
  </datafield>
  <datafield tag="245" ind1="1" ind2="0">
   <subfield code="a">Handbuch der politischen Ikonographie</subfield>
   <subfield code="c">Uwe Fleckner ... (Hrsg.)</subfield>
  </datafield>
  <datafield tag="246" ind1="1" ind2=" ">
   <subfield code="i">Nebent.</subfield>
   <subfield code="a">HPI</subfield>
  </datafield>
  <datafield tag="264" ind1=" " ind2="1">
   <subfield code="a">München</subfield>
   <subfield code="b">Beck</subfield>
   <subfield code="c">2011</subfield>
  </datafield>
  <datafield tag="336" ind1=" " ind2=" ">
   <subfield code="a">Text</subfield>
   <subfield code="b">txt</subfield>
   <subfield code="2">rdacontent</subfield>
  </datafield>
  <datafield tag="337" ind1=" " ind2=" ">
   <subfield code="a">ohne Hilfsmittel zu benutzen</subfield>
   <subfield code="b">n</subfield>
   <subfield code="2">rdamedia</subfield>
  </datafield>
  <datafield tag="338" ind1=" " ind2=" ">
   <subfield code="a">Band</subfield>
   <subfield code="b">nc</subfield>
   <subfield code="2">rdacarrier</subfield>
  </datafield>
  <datafield tag="520" ind1=" " ind2=" ">
   <subfield code="a">Seit jeher bedient sich die Politik der Macht der Bilder, um politische Ansprüche, Hoffnungen, Erfolge und Positionen zu verkünden. Dieses mit etwa 1200 Abbildungen reich illustrierte Handbuch führt in 150 Beiträgen vor, wie von der Antike bis in die Gegenwart Personen und Ereignisse, politische Ideale und Institutionen bildlich dargestellt wurden. Ausgewiesene Fachleute zeigen, welche Symbole, Motive und Mythen dabei immer wieder verwendet und wie sie im Laufe der Geschichte abgewandelt wurden, um das politische Leben in Gemälden und Denkmälern, in Flugschriften und im Fernsehen, auf Plakaten und Photos einzufangen und zu deuten. &quot;Insgesamt ist die Liste der Artikel wohl zufällig zustande gekommen, eher an der Geschichte der Forschung zur politischen Ikonographie selbst und den daran beteiligten Forschern orientiert als an einem wie auch immer gearteten «Kanon». Das produziert Lücken und manche Artikel, die auch deutlich zu wünschen übrig lassen (zum Beispiel «Attentat», «Kleidung, politische», «Leitbilder, nationale»); es macht aber auch überraschende Entdeckungen möglich. Vielleicht das grösste Problem dieses Handbuchs ist der auf kunsthistorische Epochen verengte Blickwinkel und Zugriff selber: Bildzeugnisse der Antike sind selbstverständlich, die Renaissance - dafür bürgt schon die Nähe zur Warburg-Schule - liegt zentral im Blick, Romantik und Neuzeit sind nahe, das Mittelalter wird nur gestreift, die frühe Neuzeit gelegentlich in Gestalt emblematischer Zeugnisse wahrgenommen; die literaturwissenschaftlich geprägte Bedeutungskunde, die sich teilweise mit ähnlichen Gegenständen beschäftigt, wird nur selten gewürdigt. Das «Handbuch der politischen Ikonographie» füllt dennoch, bei aller Beschränkung, eine Lücke; es ist ein gewaltiges und spannendes Lehr- und Lesebuch geworden, dem man eine baldige Weiterführung wünschen möchte&quot; (NZZ)</subfield>
  </datafield>
  <datafield tag="655" ind1=" " ind2="7">
   <subfield code="a">Wörterbuch</subfield>
   <subfield code="0">(DE-588)4066724-8</subfield>
   <subfield code="0">(DE-627)104682620</subfield>
   <subfield code="0">(DE-576)209166061</subfield>
   <subfield code="2">gnd-content</subfield>
  </datafield>
  <datafield tag="689" ind1="0" ind2="0">
   <subfield code="d">s</subfield>
   <subfield code="0">(DE-588)4202544-8</subfield>
   <subfield code="0">(DE-627)105157732</subfield>
   <subfield code="0">(DE-576)21014937X</subfield>
   <subfield code="a">Politik</subfield>
   <subfield code="g">Motiv</subfield>
   <subfield code="2">gnd</subfield>
  </datafield>
  <datafield tag="689" ind1="0" ind2="1">
   <subfield code="d">s</subfield>
   <subfield code="0">(DE-588)4026535-3</subfield>
   <subfield code="0">(DE-627)104675268</subfield>
   <subfield code="0">(DE-576)208966870</subfield>
   <subfield code="a">Ikonographie</subfield>
   <subfield code="2">gnd</subfield>
  </datafield>
  <datafield tag="689" ind1="0" ind2="2">
   <subfield code="a">z</subfield>
   <subfield code="2">gnd</subfield>
   <subfield code="a">Geschichte</subfield>
  </datafield>
  <datafield tag="689" ind1="0" ind2=" ">
   <subfield code="5">DE-101</subfield>
  </datafield>
  <datafield tag="689" ind1="1" ind2="0">
   <subfield code="d">s</subfield>
   <subfield code="0">(DE-588)4006632-0</subfield>
   <subfield code="0">(DE-627)10637687X</subfield>
   <subfield code="0">(DE-576)208866361</subfield>
   <subfield code="a">Bildprogramm</subfield>
   <subfield code="2">gnd</subfield>
  </datafield>
  <datafield tag="689" ind1="1" ind2="1">
   <subfield code="a">z</subfield>
   <subfield code="2">gnd</subfield>
   <subfield code="a">Geschichte</subfield>
  </datafield>
  <datafield tag="689" ind1="1" ind2=" ">
   <subfield code="5">(DE-627)</subfield>
  </datafield>
  <datafield tag="700" ind1="1" ind2=" ">
   <subfield code="a">Fleckner, Uwe</subfield>
   <subfield code="d">1961-</subfield>
   <subfield code="e">Hrsg.</subfield>
   <subfield code="0">(DE-588)115384782</subfield>
   <subfield code="0">(DE-627)077213955</subfield>
   <subfield code="0">(DE-576)170369641</subfield>
   <subfield code="4">edt</subfield>
  </datafield>
  <datafield tag="700" ind1="1" ind2=" ">
   <subfield code="a">Warnke, Martin</subfield>
   <subfield code="e">HerausgeberIn</subfield>
   <subfield code="4">edt</subfield>
  </datafield>
  <datafield tag="700" ind1="1" ind2=" ">
   <subfield code="a">Ziegler, Hednrik</subfield>
   <subfield code="e">HerausgeberIn</subfield>
   <subfield code="4">edt</subfield>
  </datafield>
  <datafield tag="787" ind1="0" ind2="8">
   <subfield code="i">Rezensiert in</subfield>
   <subfield code="a">Gerstl, Doris, 1963 - </subfield>
   <subfield code="t">[Rezension von: Uwe Fleckner (Hg.), Handbuch der politischen Ikonographie]</subfield>
   <subfield code="d">Regensburg : Schnell und Steiner, 2011</subfield>
   <subfield code="w">(DE-627)1561079642</subfield>
   <subfield code="w">(DE-576)491079648</subfield>
  </datafield>
  <datafield tag="787" ind1="0" ind2="8">
   <subfield code="i">Rezensiert in</subfield>
   <subfield code="a">Petri, Grischka, 1972 - </subfield>
   <subfield code="t">[Rezension von: Uwe Fleckner / Martin Warnke / Hendrik Ziegler (Hrsg.), Handbuch der politischen Ikonographie]</subfield>
   <subfield code="d">2011</subfield>
   <subfield code="w">(DE-627)1806985047</subfield>
  </datafield>
  <datafield tag="856" ind1="4" ind2="2">
   <subfield code="u">https://swbplus.bsz-bw.de/bsz281669740rez.htm</subfield>
   <subfield code="m">B:DE-576;DE-16</subfield>
   <subfield code="q">application/pdf</subfield>
   <subfield code="v">20110620110057</subfield>
   <subfield code="x">Verlag</subfield>
   <subfield code="3">Rezension</subfield>
  </datafield>
  <datafield tag="856" ind1="4" ind2="2">
   <subfield code="u">https://www.hsozkult.de/publicationreview/id/rezbuecher-16394</subfield>
   <subfield code="m">V:DE-576;X:HSozKult</subfield>
   <subfield code="q">text/html</subfield>
   <subfield code="v">20180419154454</subfield>
   <subfield code="3">Rezension</subfield>
  </datafield>
  <datafield tag="856" ind1="4" ind2="2">
   <subfield code="u">http://www.sehepunkte.de/2011/06/15996.html</subfield>
   <subfield code="x">Verlag</subfield>
   <subfield code="3">Rezension</subfield>
  </datafield>
  <datafield tag="856" ind1="4" ind2="2">
   <subfield code="u">http://www.dradio.de/dkultur/sendungen/kritik/1493811/</subfield>
   <subfield code="x">Verlag</subfield>
   <subfield code="3">Rezension</subfield>
  </datafield>
  <datafield tag="935" ind1=" " ind2=" ">
   <subfield code="i">sf</subfield>
  </datafield>
  <datafield tag="936" ind1="r" ind2="v">
   <subfield code="a">NC 2150</subfield>
   <subfield code="b">Historische Zweigwissenschaften und Sondergebiete</subfield>
   <subfield code="k">Historische Hilfsmittel</subfield>
   <subfield code="k">Nachschlagewerke</subfield>
   <subfield code="k">Historische Zweigwissenschaften und Sondergebiete</subfield>
   <subfield code="0">(DE-627)1270931857</subfield>
   <subfield code="0">(DE-625)rvk/124582:</subfield>
   <subfield code="0">(DE-576)200931857</subfield>
  </datafield>
  <datafield tag="936" ind1="r" ind2="v">
   <subfield code="a">NK 6700</subfield>
   <subfield code="b">Allgemeines zur Ideengeschichte der politischen und sozialen Bewegungen und der politischen Parteien</subfield>
   <subfield code="k">Weltgeschichte, Darstellungen Allgemeine Geschichte einzelner Staaten und Völker Teilgebiete der Geschichte, Sammelwerke</subfield>
   <subfield code="k">Teilgebiete der Geschichte</subfield>
   <subfield code="k">Geschichte der politischen und sozialen Ideen und Bewegungen und der politischen Parteien</subfield>
   <subfield code="k">Allgemeines zur Ideengeschichte der politischen und sozialen Bewegungen und der politischen Parteien</subfield>
   <subfield code="0">(DE-627)1271457717</subfield>
   <subfield code="0">(DE-625)rvk/126104:</subfield>
   <subfield code="0">(DE-576)201457717</subfield>
  </datafield>
  <datafield tag="936" ind1="r" ind2="v">
   <subfield code="a">LH 13490</subfield>
   <subfield code="b">Ikonographische Lexika</subfield>
   <subfield code="k">Allgemeines. Allgemeine Kunstgeschichte</subfield>
   <subfield code="k">Lexika, Bibliografien, Bibliothekskataloge</subfield>
   <subfield code="k">Kunst- und Künstlerlexika</subfield>
   <subfield code="k">Reallexika der Kunstwissenschaft</subfield>
   <subfield code="k">Ikonographische Lexika</subfield>
   <subfield code="0">(DE-627)1271071614</subfield>
   <subfield code="0">(DE-625)rvk/92434:</subfield>
   <subfield code="0">(DE-576)201071614</subfield>
  </datafield>
  <datafield tag="936" ind1="r" ind2="v">
   <subfield code="a">AP 14150</subfield>
   <subfield code="b">Kommunikation und Politik</subfield>
   <subfield code="k">Medien- und Kommunikationswissenschaften, Kommunikationsdesign</subfield>
   <subfield code="k">Beziehungen, Ausstrahlungen, Einwirkungen</subfield>
   <subfield code="k">Kommunikation und Politik</subfield>
   <subfield code="0">(DE-627)127068440X</subfield>
   <subfield code="0">(DE-625)rvk/6897:</subfield>
   <subfield code="0">(DE-576)20068440X</subfield>
  </datafield>
  <datafield tag="951" ind1=" " ind2=" ">
   <subfield code="a">MC</subfield>
  </datafield>
  <datafield tag="990" ind1=" " ind2=" ">
   <subfield code="a">Politik</subfield>
  </datafield>
  <datafield tag="990" ind1=" " ind2=" ">
   <subfield code="a">Ikonographie</subfield>
  </datafield>
  <datafield tag="990" ind1=" " ind2=" ">
   <subfield code="a">Geschichte</subfield>
  </datafield>
  <datafield tag="990" ind1=" " ind2=" ">
   <subfield code="a">Bildprogramm</subfield>
  </datafield>
  <datafield tag="990" ind1=" " ind2=" ">
   <subfield code="a">Geschichte</subfield>
  </datafield>
  <datafield tag="991" ind1=" " ind2=" ">
   <subfield code="a">Rezensiertes Werk</subfield>
  </datafield>
  <datafield tag="999" ind1=" " ind2=" ">
   <subfield code="a">KXP-PPN1351669745</subfield>
   <subfield code="e">4156876993</subfield>
  </datafield>
 </record>
</collection>
